Literatura y escena : (Registro nro. 136907)

Detalles MARC
000 -CABECERA
campo de control de longitud fija 02563nam a2200349zi 4500
001 - NÚMERO DE CONTROL
campo de control 991061596581406706
003 - IDENTIFICADOR DEL NÚMERO DE CONTROL
campo de control ES-BaIT
005 - FECHA Y HORA DE LA ÚLTIMA TRANSACCIÓN
campo de control 20260121134918.0
008 - DATOS DE LONGITUD FIJA--INFORMACIÓN GENERAL
campo de control de longitud fija 260115s2025 sp |||| 0 spa||
020 ## - NÚMERO INTERNACIONAL ESTÁNDAR DEL LIBRO
Número Internacional Estándar del Libro 9791387624156
040 ## - FUENTE DE LA CATALOGACIÓN
Centro catalogador/agencia de origen ES-BaIT
Lengua de catalogación cat
Normas de descripción rda
Centro/agencia transcriptor ES-BaIT
043 ## - CÓDIGO DE ÁREA GEOGRÁFICA
Código de área geográfica e-sp---
080 ## - NÚMERO DE LA CLASIFICACIÓN DECIMAL UNIVERSAL
Número de la Clasificación Decimal Universal 860(09)
100 ## - ENTRADA PRINCIPAL--NOMBRE DE PERSONA
Nombre de persona González Subías, José Luis
Término indicativo de función/relación autor
9 (RLIN) 117752
245 10 - MENCIÓN DE TÍTULO
Título Literatura y escena :
Resto del título una historia del teatro español /
Mención de responsabilidad, etc. José Luis González Subías ; prólogo de José Luis Alonso de Santos
250 ## - MENCIÓN DE EDICIÓN
Mención de edición Primera edición en esta colección
264 #1 - PRODUCCIÓN, PUBLICACIÓN, DISTRIBUCIÓN, FABRICACIÓN Y COPYRIGHT
Producción, publicación, distribución, fabricación y copyright Madrid :
Nombre del de productor, editor, distribuidor, fabricante Punto de Vista Editores,
Fecha de producción, publicación, distribución, fabricación o copyright octubre 2025
300 ## - DESCRIPCIÓN FÍSICA
Extensión 473 pàgines ;
Dimensiones 23 cm
336 ## - TIPO DE CONTENIDO
Término de tipo de contenido text
Código de tipo de contenido txt
Fuente rdacontent
337 ## - TIPO DE MEDIO
Nombre/término del tipo de medio sense mediació
Código del tipo de medio n
Fuente rdamedia
338 ## - TIPO DE SOPORTE
Nombre/término del tipo de soporte volum
Código del tipo de soporte nc
Fuente rdacarrier
490 1# - MENCIÓN DE SERIE
Mención de serie Colección Artes Escénicas ;
Designación de volumen o secuencia 2
520 ## - SUMARIO, ETC.
Sumario, etc. "Literatura y escena es una travesía apasionada por la historia del teatro español en lengua castellana, desde sus orígenes litúrgicos hasta las voces más recientes de la dramaturgia contemporánea. José Luis González Subías traza un relato riguroso, personal y vibrante, en el que la escena -entendida como espejo cultural, social y político- se convierte en el hilo conductor de siglos de creación dramática. Lejos del tono enciclopédico, esta obra despliega una mirada crítica e incisiva sobre más de cinco siglos de tradición teatral. El autor rescata autores olvidados, revisita con nuevos ojos figuras esenciales del canon y analiza la escena como territorio de expresión, conflicto y memoria colectiva. Su escritura, clara y sugestiva, permite leer esta historia como un ensayo narrativo que invita tanto a la reflexión como al disfrute. Con prólogo de José Luis Alonso de Santos, este libro se dirige a investigadores, estudiantes y amantes del teatro que deseen adentrarse en su evolución histórica, estética y simbólica. Una obra que no solo informa, sino que contagia el entusiasmo por las artes escénicas como forma viva de conocimiento, emoción y representación del mundo." -- Contracoberta
650 #0 - PUNTO DE ACCESO ADICIONAL DE MATERIA--TÉRMINO DE MATERIA
Término de materia o nombre geográfico como elemento de entrada Literatura dramàtica castellana
Subdivisión general Història i crítica
9 (RLIN) 68165
650 #0 - PUNTO DE ACCESO ADICIONAL DE MATERIA--TÉRMINO DE MATERIA
Término de materia o nombre geográfico como elemento de entrada Teatre castellà
Subdivisión general Història i crítica
9 (RLIN) 69564
700 1# - ENTRADA AGREGADA--NOMBRE PERSONAL
Nombre de persona Alonso de Santos, José Luis,
Fechas asociadas al nombre 1942-
Término indicativo de función/relación escriptor d'un pròleg
9 (RLIN) 4267
830 ## - PUNTO DE ACCESO ADICIONAL DE SERIE-TÍTULO UNIFORME
Título uniforme Artes escénicas (Punto de Vista)
Designación de volumen o secuencia 2
9 (RLIN) 168113
856 44 - LOCALIZACIÓN Y ACCESO ELECTRÓNICOS
Especificación de materiales Sumari
Identificador Uniforme del Recurso <a href="https://puntodevistaeditores.com/wp-content/uploads/2025/09/literatura-y-escena-nueva-adelanto.pdf">https://puntodevistaeditores.com/wp-content/uploads/2025/09/literatura-y-escena-nueva-adelanto.pdf</a>
908 ## - COLOCAR PARÁMETRO DE COMANDO (RLIN)
Colocar parámetro de comando CDMAE
940 ## - EQUIVALENCIA O REFERENCIA-CRUZADA--TÍTULO UNIFORME [OBSOLETO] [solamente CAN/MARC]
Título uniforme <a href="CDMAE">CDMAE</a>
942 ## - ELEMENTOS DE ENTRADA AGREGADA (KOHA)
Fuente del sistema de clasificación o colocación Clasificación decimal universal
Tipo de ítem Koha Llibre
Existencias
Estado de retiro Estado de pérdida Fuente del sistema de clasificación o colocación Estado dañado No para préstamo Localización permanente Ubicación/localización actual Ubicación en estantería Fecha de adquisición Fuente de adquisición Total de préstamos Signatura topográfica completa Código de barras Fecha visto por última vez Precio válido a partir de Tipo de ítem Koha
    Clasificación decimal universal     Biblioteca Barcelona Biblioteca Barcelona BCN Lliure Accés 21/01/2026 Compra   860(09) GON 1900089645 21/01/2026 21/01/2026 Llibre

Con tecnología Koha